[Event "St Denis op 21st"]
[Site "St Denis"]
[Date "2019.10.20"]
[Round "5"]
[White "Roblet, Charles"]
[Black "Goorsahye, Antoine"]
[Result "1-0"]
[WhiteElo "2063"]
[BlackElo "1786"]
[PlyCount "61"]
[EventDate "2019.10.20"]
[EventType "swiss"]
[EventRounds "9"]
[EventCountry "RUF"]
[SourceTitle "CBM 192 Extra"]
[Source "Chessbase"]
[SourceDate "2019.11.06"]
[SourceVersion "1"]
[SourceVersionDate "2019.11.06"]
[SourceQuality "1"]

1. e4 e5 2. f4 exf4 3. Nf3 d5 4. exd5 Nf6 5. c4 c6 6. d4 Bb4+ 7. Nc3 cxd5 8. Bxf4 0-0 9. Be2 Nc6 10. 0-0 Bg4 11. c5 Bxc3 12. bxc3 Ne4 13. Qb3 Na5 14. Qc2 Re8 15. Bd3 f5 16. Ne5 Qh4 17. Rab1 g5 18. Bxe4 dxe4 19. Bg3 Qh5 20. h3 Bxh3 21. gxh3 Qxh3 22. Qg2 Qxg2+ 23. Kxg2 Rf8 24. Rb5 Nc6 25. Rxb7 Nd8 26. Re7 f4 27. Rh1 Rb8 28. Rhxh7 Rb2+ 29. Bf2 Ne6 30. Ng6 Rxf2+ 31. Kxf2 1-0

[Event "Reunion op 20th"]
[Site "St Denis"]
[Date "2018.10.16"]
[Round "4"]
[White "Roblet, Charles"]
[Black "Etheve, Lionel"]
[Result "1-0"]
[WhiteElo "2052"]
[BlackElo "1682"]
[PlyCount "71"]
[EventDate "2018.10.14"]
[EventType "swiss"]
[EventRounds "9"]
[EventCountry "RUF"]
[SourceTitle "CBM 187 Extra"]
[Source "ChessBase"]
[SourceDate "2018.11.04"]
[SourceVersion "1"]
[SourceVersionDate "2018.11.04"]
[SourceQuality "1"]

1. e4 e6 2. d4 d5 3. e5 c5 4. c3 Nc6 5. Nf3 Qc7 6. Be2 Nge7 7. 0-0 Ng6 8. Bg5 Be7 9. Bxe7 Qxe7 10. Qd2 a6 11. Na3 Bd7 12. Nc2 0-0 13. Bd3 c4 14. Bxg6 hxg6 15. Rae1 b5 16. Ng5 Rfb8 17. Qf4 Kf8 18. Ne3 Nd8 19. Ng4 Ke8 20. Re3 Bc6 21. Rfe1 Ra7 22. Rh3 Kd7 23. Rh8 Kc7 24. Rg8 Kb6 25. Rxg7 a5 26. Nh6 Be8 27. h4 b4 28. g4 a4 29. h5 Qf8 30. Qf6 gxh5 31. gxh5 a3 32. bxa3 bxc3 33. Rb1+ Kc7 34. Rxb8 Kxb8 35. Qxd8+ Kb7 36. Rxf7+ 1-0

[Event "Reunion op 15th"]
[Site "St Denis"]
[Date "2013.10.17"]
[Round "7"]
[White "Payet, Fabrice"]
[Black "Roblet, Charles"]
[Result "0-1"]
[WhiteElo "1670"]
[BlackElo "2070"]
[PlyCount "78"]
[EventDate "2013.10.12"]
[EventType "swiss"]
[EventRounds "9"]
[EventCountry "RUF"]
[SourceTitle "EXT 2014"]
[Source "ChessBase"]
[SourceDate "2013.11.20"]
[SourceVersion "1"]
[SourceVersionDate "2013.11.20"]
[SourceQuality "1"]

1. e4 c5 2. Nf3 Nc6 3. d4 cxd4 4. Nxd4 Nf6 5. Nc3 e5 6. Nb3 Bb4 7. Bd3 d5 8. exd5 Nxd5 9. Bd2 Nxc3 10. bxc3 Be7 11. 0-0 0-0 12. Qh5 f5 13. Bc4+ Kh8 14. Bf7 Qd6 15. Bc4 Be6 16. Bxe6 Qxe6 17. Rfe1 b6 18. Nd4 Nxd4 19. cxd4 e4 20. f3 g6 21. Qh6 Bf6 22. Qe3 Qc4 23. c3 Rfe8 24. f4 Rad8 25. Kh1 b5 26. Rab1 a6 27. a3 Rc8 28. Rb4 Qa2 29. Bc1 Be7 30. Re2 Qd5 31. Rb1 Rc4 32. Rc2 Rec8 33. Ra1 Rxd4 34. Qxd4+ Qxd4 35. cxd4 Rxc2 36. Kg1 Bf6 37. Be3 Re2 38. Bf2 Rxf2 39. Kxf2 Bxd4+ 0-1

[Event "Reunion op 15th"]
[Site "St Denis"]
[Date "2013.10.14"]
[Round "4"]
[White "Roblet, Charles"]
[Black "Rajaonson, Andriamahenina"]
[Result "0-1"]
[WhiteElo "2070"]
[BlackElo "1904"]
[PlyCount "90"]
[EventDate "2013.10.12"]
[EventType "swiss"]
[EventRounds "9"]
[EventCountry "RUF"]
[SourceTitle "EXT 2014"]
[Source "ChessBase"]
[SourceDate "2013.11.20"]
[SourceVersion "1"]
[SourceVersionDate "2013.11.20"]
[SourceQuality "1"]

1. e4 e6 2. d4 d5 3. e5 c5 4. c3 Nc6 5. Nf3 Qb6 6. a3 Bd7 7. Be2 Nge7 8. b4 cxd4 9. cxd4 Nf5 10. Be3 Rc8 11. 0-0 Be7 12. Kh1 0-0 13. Qd2 f6 14. exf6 Bxf6 15. Rd1 Be8 16. Nc3 Bh5 17. Na4 Qd8 18. Nc5 Qe7 19. Nb3 Nxe3 20. Qxe3 Rc7 21. h3 Qd6 22. Ra2 Rfc8 23. Rad2 Nd8 24. Bd3 Rc3 25. Nc5 Bg6 26. Qe1 Rxa3 27. Bxg6 hxg6 28. Re2 Kf7 29. b5 b6 30. Nd3 Rcc3 31. Nfe5+ Kg8 32. Nf4 g5 33. Nfg6 Kh7 34. Red2 Nf7 35. Qe2 Qc7 36. Nf8+ Kg8 37. Nxe6 Qd6 38. Nf3 Rc8 39. Rd3 Rxd3 40. Rxd3 Rc1+ 41. Ne1 Qb4 42. Re3 Nd6 43. Nc7 Rxc7 44. Re8+ Nxe8 45. Qxe8+ Qf8 0-1

[Event "Reunion op 15th"]
[Site "St Denis"]
[Date "2013.10.12"]
[Round "1"]
[White "Chan Faye, Yoann"]
[Black "Roblet, Charles"]
[Result "0-1"]
[WhiteElo "1546"]
[BlackElo "2070"]
[PlyCount "90"]
[EventDate "2013.10.12"]
[EventType "swiss"]
[EventRounds "9"]
[EventCountry "RUF"]
[SourceTitle "EXT 2014"]
[Source "ChessBase"]
[SourceDate "2013.11.20"]
[SourceVersion "1"]
[SourceVersionDate "2013.11.20"]
[SourceQuality "1"]

1. e4 c5 2. Nf3 Nc6 3. d4 cxd4 4. Nxd4 Nf6 5. Nc3 e5 6. Nde2 Bb4 7. Bd2 0-0 8. Ng3 d6 9. Bc4 Bg4 10. f3 Be6 11. Bxe6 fxe6 12. 0-0 d5 13. Nce2 Bc5+ 14. Kh1 Qe8 15. c3 Qg6 16. Qc2 Rac8 17. Rac1 Bb6 18. Qb1 Rcd8 19. Rcd1 dxe4 20. fxe4 Ng4 21. Rxf8+ Rxf8 22. h3 Nf2+ 23. Kh2 Nxd1 24. Qxd1 Rd8 25. Qc1 Rd3 26. Qc2 Rd7 27. Qc1 Bd8 28. Be3 h5 29. Bf2 h4 30. Nf1 Qxe4 31. Qe1 Rd3 32. Nd2 Qd5 33. c4 Qa5 34. Nc3 Bg5 35. Nb3 Qd8 36. Ne4 Bf4+ 37. g3 hxg3+ 38. Nxg3 Nd4 39. Nxd4 Bxg3+ 40. Bxg3 Qxd4 41. Bxe5 Rd2+ 42. Kg3 Qd3+ 43. Kh4 Rg2 44. Bf4 Qh7+ 45. Bh6 Qxh6# 0-1

[Event "Reunion op 14th"]
[Site "St Denis"]
[Date "2012.10.11"]
[Round "6"]
[White "Calmels, Nicolas"]
[Black "Roblet, Charles"]
[Result "1/2-1/2"]
[WhiteElo "1830"]
[BlackElo "2058"]
[PlyCount "51"]
[EventDate "2012.10.06"]
[EventType "swiss"]
[EventRounds "9"]
[EventCountry "RUF"]
[SourceTitle "EXT 2013"]
[Source "ChessBase"]
[SourceDate "2012.11.22"]
[SourceVersion "1"]
[SourceVersionDate "2012.11.22"]
[SourceQuality "1"]

1. d4 Nf6 2. c4 c5 3. d5 b5 4. cxb5 a6 5. bxa6 g6 6. Nc3 Bxa6 7. Nf3 d6 8. e4 Bxf1 9. Kxf1 Bg7 10. g3 0-0 11. Kg2 Nbd7 12. Re1 Ng4 13. Bf4 Qb6 14. Re2 Rfb8 15. Rc1 Rb7 16. b3 Nde5 17. Ne1 Nd7 18. Na4 Qa6 19. Nf3 Nge5 20. Bxe5 Nxe5 21. Nxe5 Bxe5 22. Qd2 Rb4 23. Nc3 Rd4 24. Qc2 Rb8 25. Nd1 Rd3 26. Qc4 1/2-1/2

[Event "Reunion op 14th"]
[Site "St Denis"]
[Date "2012.10.07"]
[Round "3"]
[White "Roblet, Charles"]
[Black "Koch, Alain1111"]
[Result "1-0"]
[WhiteElo "2058"]
[BlackElo "1951"]
[PlyCount "77"]
[EventDate "2012.10.06"]
[EventType "swiss"]
[EventRounds "9"]
[EventCountry "RUF"]
[SourceTitle "EXT 2013"]
[Source "ChessBase"]
[SourceDate "2012.11.22"]
[SourceVersion "1"]
[SourceVersionDate "2012.11.22"]
[SourceQuality "1"]

1. e4 e5 2. f4 d6 3. Nf3 Nc6 4. Nc3 Be7 5. Bc4 Be6 6. Bxe6 fxe6 7. d3 exf4 8. Bxf4 e5 9. Be3 Qd7 10. Qd2 0-0-0 11. Nd5 Nf6 12. c4 b6 13. 0-0 h6 14. a4 Ng4 15. b4 Nxe3 16. Qxe3 Bg5 17. Qe1 Nd4 18. Nxd4 exd4 19. b5 Rhf8 20. a5 Rxf1+ 21. Qxf1 Re8 22. axb6 cxb6 23. Ra2 Kb8 24. Qf3 Be3+ 25. Kh1 h5 26. h3 h4 27. Nb4 a5 28. bxa6 Ka7 29. e5 d5 30. cxd5 Rc8 31. Nc6+ Rxc6 32. dxc6 Qc7 33. Qd5 Bf4 34. Re2 b5 35. Qxb5 g5 36. Qc5+ Ka8 37. Rb2 Qxe5 38. Qf8+ Ka7 39. Rb7+ 1-0

[Event "Reunion op 13th"]
[Site "St Denis"]
[Date "2011.10.06"]
[Round "6"]
[White "Akshat, Khamparia"]
[Black "Roblet, Charles"]
[Result "1-0"]
[WhiteElo "2404"]
[BlackElo "2069"]
[PlyCount "129"]
[EventDate "2011.10.01"]
[EventType "swiss"]
[EventRounds "9"]
[EventCountry "RUF"]
[SourceTitle "EXT 2012"]
[Source "ChessBase"]
[SourceDate "2011.11.24"]
[SourceVersion "1"]
[SourceVersionDate "2011.11.24"]
[SourceQuality "1"]

1. d4 Nf6 2. c4 c5 3. d5 b5 4. cxb5 a6 5. e3 d6 6. Nc3 g6 7. bxa6 Bg7 8. Bb5+ Bd7 9. a4 0-0 10. Qe2 Qc8 11. Nf3 Nxa6 12. Bc4 Nc7 13. 0-0 Qb7 14. e4 Rfb8 15. h3 Ra7 16. Bd2 Be8 17. b3 Nd7 18. Rab1 Ne5 19. Nxe5 Bxe5 20. Kh1 Na8 21. f4 Bg7 22. Nb5 Bxb5 23. Bxb5 Nc7 24. Bc6 Qa6 25. Qxa6 Nxa6 26. Bb5 Nc7 27. Bc6 Na6 28. Rfc1 Nb4 29. Bb5 Bd4 30. Rc4 Na6 31. b4 Nc7 32. Bc6 Kg7 33. b5 Ne8 34. b6 Ra6 35. a5 Nf6 36. Re1 Bf2 37. Re2 Bd4 38. g3 Kf8 39. Kg2 e6 40. g4 Ke7 41. Bb5 Raa8 42. b7 Rxb7 43. Bc6 Rba7 44. Bxa8 Rxa8 45. g5 Nd7 46. Re1 f6 47. h4 Kf7 48. Rb1 Ra7 49. Ra4 f5 50. Kf3 fxe4+ 51. Kxe4 Bf2 52. a6 c4 53. Rb7 Ke8 54. Kf3 Bg1 55. dxe6 Nc5 56. Rxa7 Nxa4 57. Rxh7 c3 58. Bxc3 Nxc3 59. a7 Bxa7 60. Rxa7 Nd5 61. Rd7 Ne7 62. Rxd6 Nf5 63. Ra6 Nxh4+ 64. Ke4 Ke7 65. Kd5 1-0

[Event "Reunion op 13th"]
[Site "St Denis"]
[Date "2011.10.02"]
[Round "3"]
[White "Roblet, Charles"]
[Black "Lebon, Yohan"]
[Result "1/2-1/2"]
[WhiteElo "2069"]
[BlackElo "1858"]
[PlyCount "138"]
[EventDate "2011.10.01"]
[EventType "swiss"]
[EventRounds "9"]
[EventCountry "RUF"]
[SourceTitle "EXT 2012"]
[Source "ChessBase"]
[SourceDate "2011.11.24"]
[SourceVersion "1"]
[SourceVersionDate "2011.11.24"]
[SourceQuality "1"]

1. e4 c5 2. d4 cxd4 3. c3 dxc3 4. Nxc3 Nc6 5. Nf3 d6 6. Bc4 e6 7. 0-0 Nf6 8. Qe2 e5 9. h3 Be7 10. Rd1 0-0 11. Bg5 Be6 12. Bxf6 Bxf6 13. Nb5 Bxc4 14. Qxc4 Be7 15. Rd5 Rc8 16. Rad1 Nd4 17. Qd3 Nxb5 18. Qxb5 Qc7 19. Nh2 Qc6 20. Qb3 b6 21. Nf1 Rc7 22. Ne3 g6 23. Qd3 Qa4 24. a3 Rfc8 25. f3 Rc1 26. Kf2 Rxd1 27. Qxd1 Qxd1 28. Rxd1 Kf8 29. g3 Ke8 30. Ke2 Kd7 31. Kd3 Ke6 32. Nd5 f5 33. Rf1 fxe4+ 34. fxe4 Rf8 35. Rxf8 Bxf8 36. Kc4 Bh6 37. a4 Bd2 38. Kb5 Be1 39. g4 h5 40. Kc6 Bf2 41. b4 Bg1 42. b5 Bf2 43. Kb7 hxg4 44. hxg4 Kd7 45. Kxa7 Kc8 46. Ka6 Kb8 47. a5 bxa5 48. Kxa5 Kb7 49. Kb4 g5 50. Kc4 Bc5 51. Nf6 Kc7 52. Nh7 Be3 53. Kd5 Bf4 54. Ke6 Kb6 55. Kxd6 Kxb5 56. Kd5 Kb4 57. Nf8 Kc3 58. Nd7 Kd3 59. Nxe5+ Ke3 60. Nd7 Bc7 61. Nf6 Kf4 62. Ke6 Bb8 63. Kd5 Bc7 64. Ke6 Bb8 65. Kf7 Bd6 66. Kg6 Be5 67. Nd7 Kxg4 68. Nxe5+ Kf4 69. Ng4 Kxe4 1/2-1/2

[Event "Reunion op 12th"]
[Site "St Denis"]
[Date "2010.10.16"]
[Round "9"]
[White "Dalleau, Philippe"]
[Black "Roblet, Charles"]
[Result "0-1"]
[WhiteElo "1862"]
[BlackElo "2058"]
[PlyCount "98"]
[EventDate "2010.10.09"]
[EventType "swiss"]
[EventRounds "9"]
[EventCountry "RUF"]
[SourceTitle "CBM 138 Extra"]
[Source "ChessBase"]
[SourceDate "2010.10.29"]
[SourceVersion "1"]
[SourceVersionDate "2010.10.29"]
[SourceQuality "1"]

1. d4 Nf6 2. c4 c5 3. d5 b5 4. cxb5 a6 5. bxa6 g6 6. Nc3 Bxa6 7. g3 d6 8. Bg2 Bg7 9. Nf3 0-0 10. 0-0 Nbd7 11. Rb1 Qc7 12. b3 Ng4 13. Bb2 Rfb8 14. Qd2 Nde5 15. Rfc1 Bh6 16. e3 Nd3 17. Nd1 Nxc1 18. Rxc1 Nf6 19. Nc3 Qa5 20. Qc2 Bg7 21. h3 Ra7 22. e4 Nd7 23. h4 Ne5 24. Nxe5 Bxe5 25. h5 c4 26. Na4 cxb3 27. axb3 Rc8 28. Qd1 Rxc1 29. Bxc1 Rc7 30. Bd2 Qb5 31. hxg6 hxg6 32. Bf1 Qxf1+ 33. Qxf1 Bxf1 34. Kxf1 Bd4 35. Ke2 Kf8 36. f3 Rb7 37. b4 Ke8 38. g4 Kd7 39. Kd3 Ra7 40. Kxd4 Rxa4 41. g5 Kc7 42. f4 Ra3 43. f5 Kb6 44. fxg6 fxg6 45. e5 Rg3 46. exd6 exd6 47. Kc4 Rg4+ 48. Kd3 Kb5 49. Be3 Kxb4 0-1

[Event "Reunion op 12th"]
[Site "St Denis"]
[Date "2010.10.15"]
[Round "8"]
[White "Roblet, Charles"]
[Black "Shoker, Samy"]
[Result "0-1"]
[WhiteElo "2058"]
[BlackElo "2458"]
[PlyCount "90"]
[EventDate "2010.10.09"]
[EventType "swiss"]
[EventRounds "9"]
[EventCountry "RUF"]
[SourceTitle "CBM 138 Extra"]
[Source "ChessBase"]
[SourceDate "2010.10.29"]
[SourceVersion "1"]
[SourceVersionDate "2010.10.29"]
[SourceQuality "1"]

1. e4 d6 2. d4 Nf6 3. Nc3 c6 4. Nf3 g6 5. Bg5 Bg7 6. Qd2 h6 7. Bf4 b5 8. Bd3 g5 9. Bg3 Nh5 10. Ne2 Qb6 11. c3 a5 12. 0-0 Na6 13. Rfe1 Bg4 14. Kh1 e5 15. Bc2 Nf4 16. Bxf4 gxf4 17. Neg1 0-0-0 18. a4 b4 19. Bd3 c5 20. d5 Kb7 21. Bb5 Bd7 22. Bxd7 Rxd7 23. Nh4 c4 24. Qe2 Rc7 25. Nf5 Bf6 26. Nf3 Nc5 27. Kg1 Qa6 28. Nd2 Nd3 29. Rab1 Nxe1 30. Rxe1 bxc3 31. bxc3 Ka8 32. Rb1 Rb8 33. Rxb8+ Kxb8 34. h4 Be7 35. Qg4 Bf8 36. Qg8 Qc8 37. h5 Kb7 38. Nb1 Be7 39. Qxf7 Qd7 40. Nd2 Qxa4 41. Nxh6 Qc2 42. Nf5 Qxd2 43. Nxe7 Qe1+ 44. Kh2 Qxf2 45. Qe8 Qh4+ 0-1

[Event "Reunion op 11th"]
[Site "St Denis"]
[Date "2009.10.10"]
[Round "1"]
[White "Nassau, Pierre Alexandre"]
[Black "Roblet, Charles"]
[Result "0-1"]
[WhiteElo "1450"]
[BlackElo "2089"]
[PlyCount "82"]
[EventDate "2009.10.10"]
[EventType "swiss"]
[EventRounds "9"]
[EventCountry "RUF"]
[SourceTitle "CBM 132 Extra"]
[Source "ChessBase"]
[SourceDate "2009.11.03"]
[SourceVersion "1"]
[SourceVersionDate "2009.11.03"]
[SourceQuality "1"]

1. d4 Nf6 2. c4 c5 3. d5 e6 4. Bg5 exd5 5. cxd5 d6 6. Nc3 g6 7. e3 Bg7 8. Nf3 0-0 9. Bc4 a6 10. a4 Qb6 11. Bxf6 Bxf6 12. Qc1 Bg4 13. Be2 Nd7 14. 0-0 Rfe8 15. a5 Qc7 16. Rd1 b5 17. axb6 Qxb6 18. Na4 Qb4 19. Nc3 Qb7 20. Rd2 Bg7 21. Qf1 Ne5 22. Nxe5 Bxe2 23. Qxe2 Bxe5 24. Ne4 Bxh2+ 25. Kxh2 Rxe4 26. Qf3 Qe7 27. g3 a5 28. Qe2 Qe5 29. Qb5 Rb4 30. Qe2 a4 31. Ra3 Rab8 32. Kg2 Kg7 33. Qa6 Rxb2 34. Rxb2 Qxd5+ 35. e4 Qxe4+ 36. Rf3 Rxb2 37. Qxd6 Rb3 38. Qf6+ Kh6 39. Qxf7 Qxf3+ 40. Qxf3 Rxf3 41. Kxf3 a3 0-1

[Event "Reunion op 10th"]
[Site "St Denis"]
[Date "2008.10.12"]
[Round "3"]
[White "Roblet, Charles"]
[Black "De Robillard, Vincent"]
[Result "1-0"]
[WhiteElo "2081"]
[BlackElo "1846"]
[PlyCount "57"]
[EventDate "2008.10.11"]
[EventType "swiss"]
[EventRounds "9"]
[EventCountry "RUF"]
[SourceTitle "EXT 2009"]
[Source "ChessBase"]
[SourceDate "2008.11.26"]
[SourceVersion "1"]
[SourceVersionDate "2008.11.26"]
[SourceQuality "1"]

1. e4 c5 2. d4 cxd4 3. c3 d5 4. exd5 Qxd5 5. cxd4 Nc6 6. Be3 Nf6 7. Nc3 Qa5 8. Nf3 Bg4 9. Be2 e6 10. 0-0 Bb4 11. Qb3 Nd5 12. Nxd5 Qxd5 13. Qxd5 exd5 14. h3 Bh5 15. Rac1 0-0 16. g4 Bg6 17. Nh4 Rae8 18. Nxg6 fxg6 19. Bb5 Rc8 20. Ba4 Ne7 21. Bd7 Rc4 22. Rxc4 dxc4 23. Be6+ Kh8 24. Bxc4 Nc6 25. Rd1 Rd8 26. Bf1 Bc5 27. d5 Be7 28. dxc6 Rxd1 29. c7 1-0

[Event "Reunion op 09th"]
[Site "Reunion"]
[Date "2007.10.20"]
[Round "8"]
[White "Roblet, Charles"]
[Black "Hoareau, Benjamin"]
[Result "1/2-1/2"]
[WhiteElo "2086"]
[BlackElo "2012"]
[PlyCount "21"]
[EventDate "2007.10.14"]
[EventType "swiss"]
[EventRounds "9"]
[EventCountry "RUF"]
[SourceTitle "EXT 2012"]
[Source "ChessBase"]
[SourceDate "2011.11.24"]
[SourceVersion "1"]
[SourceVersionDate "2011.11.24"]
[SourceQuality "1"]

1. e4 g6 2. Bc4 Bg7 3. d4 d6 4. Nf3 Nf6 5. Qe2 0-0 6. 0-0 Nc6 7. h3 Nd7 8. Rd1 e5 9. c3 Kh8 10. Na3 Qe7 11. Nh4 1/2-1/2

[Event "Reunion op 08th"]
[Site "Etang Sale"]
[Date "2006.10.18"]
[Round "5"]
[White "Gretry, Patrice"]
[Black "Roblet, Charles"]
[Result "1-0"]
[WhiteElo "2062"]
[BlackElo "2108"]
[PlyCount "121"]
[EventDate "2006.10.14"]
[EventType "swiss"]
[EventRounds "9"]
[EventCountry "FRA"]
[SourceTitle "EXT 2007"]
[Source "ChessBase"]
[SourceDate "2006.11.23"]
[SourceVersion "1"]
[SourceVersionDate "2006.11.23"]
[SourceQuality "1"]

1. e4 c5 2. Nf3 Nc6 3. d4 cxd4 4. Nxd4 Nf6 5. Nc3 e5 6. Ndb5 d6 7. Nd5 Nxd5 8. exd5 Ne7 9. c3 Nf5 10. a4 Be7 11. Bd3 Nh4 12. 0-0 Ng6 13. a5 0-0 14. Be3 a6 15. Bb6 Qd7 16. Na3 Nf4 17. Bc2 Qg4 18. Qxg4 Bxg4 19. f3 Bd7 20. Rad1 Rac8 21. Rfe1 f5 22. g3 Ng6 23. c4 h5 24. b4 Rf6 25. f4 h4 26. Bb3 hxg3 27. hxg3 Kf8 28. Be3 exf4 29. gxf4 Nh4 30. Kf2 Rg6 31. Rg1 Rxg1 32. Rxg1 Be8 33. Bd4 g5 34. fxg5 Ng6 35. Bc2 Bd7 36. Bd3 Ne5 37. Be2 Kg7 38. c5 Rh8 39. Nc4 Rh4 40. Bxe5+ dxe5 41. Nxe5 Ba4 42. c6 Bd6 43. Nc4 Bxb4 44. cxb7 Rh8 45. Rb1 Bc5+ 46. Kg3 Bb5 47. Kf4 Rb8 48. Kxf5 Rxb7 49. Ne5 Bd7+ 50. Nxd7 Rxd7 51. Bc4 Rf7+ 52. Kg4 Re7 53. Bxa6 Ra7 54. Rb7+ Kf8 55. Rxa7 Bxa7 56. Kf5 Bc5 57. Bb5 Bb4 58. a6 Bc5 59. Ke6 Bd4 60. d6 Kg7 61. d7 1-0

[Event "Sainte Marie op"]
[Site "Sainte Marie"]
[Date "2005.10.18"]
[Round "4"]
[White "Roblet, Charles"]
[Black "Dalleau, Philippe"]
[Result "1-0"]
[WhiteElo "2119"]
[BlackElo "1840"]
[PlyCount "67"]
[EventDate "2005.10.15"]
[EventType "swiss"]
[EventRounds "9"]
[EventCountry "FRA"]
[SourceTitle "EXT 2006"]
[Source "ChessBase"]
[SourceDate "2005.11.24"]
[SourceVersion "1"]
[SourceVersionDate "2005.11.24"]
[SourceQuality "1"]

1. d4 Nf6 2. c4 e6 3. Nf3 b6 4. g3 Bb7 5. Bg2 Bb4+ 6. Nbd2 0-0 7. 0-0 Be7 8. b3 d6 9. Bb2 Nbd7 10. Qc2 c5 11. Rad1 Qc7 12. Rfe1 cxd4 13. Bxd4 e5 14. Bb2 Nc5 15. Nf1 Rad8 16. Ne3 Rfe8 17. b4 Ne6 18. Qb3 Qb8 19. Rd2 Ba8 20. Red1 Bf8 21. Nd5 Nxd5 22. cxd5 Nc7 23. e4 Bb7 24. Rc2 Re7 25. Rdc1 Ne8 26. Bh3 Nf6 27. Qd3 g6 28. Nd2 Bh6 29. f4 Ne8 30. fxe5 Bxd2 31. Qxd2 dxe5 32. Qg5 Qd6 33. a3 Kg7 34. Rc6 1-0